000 00461cam a22001814a 4500
005 20250605164244.0
008 250528s ||||||||||||||||||||||||d
035 _a21427
040 _aGR-AtMCL
_bgre
_dGR-AtMCL
_eAACR2
245 1 _aΤΟ ΠΡΩΤΟ ΒΙΒΛΙΟ ΤΩΝ NORTON UTILITIES
250 _a1
260 _bΜ. Γκιούρδας,
_c1991
300 _a290
700 1 _aWikert Joseph B
_97465
942 _cBK
999 _c6489
_d6489